000 01041ngm a22003370a 4500
001 PT13980
003 AR-LpoUNG
005 20210202000519.0
007 vd cvaizq
008 191001s1998||||ag |||||||||||||||||spa d
037 _c$33.33
040 _aAR-LpoUNG
_bspa
_cAR-LpoUNG
_eaacr
041 _aspa
044 _aag
082 0 _a909.8 591v6
245 1 0 _a1940-1945 :
_bsangre, sudor y lágrimas : de la segunda guerra al 17 de octubre
260 _aBuenos Aires :
_bArte Gráfico Editorial Argentino,
_c1998.
300 _aVHS (35 min.) : son., col.
520 _aSumario: Francia bajo la ocupación; La batalla de Inglaterra; Los bombardeos alemanes; Mar del Plata inaugura la Rambla; Nace la ONU; Resistencia contra Hitler.
650 4 _aALEMANIA
650 4 _aAUTORITARISMO
650 4 _aBIOGRAFIAS
650 4 _aCONFLICTOS ARMADOS
650 4 _aFRANCIA
650 4 _aINGLATERRA
650 4 _aPROBLEMAS SOCIALES
653 _aVIDEOS
710 2 _aClarín (Buenos Aires)
905 _a13980
942 _cVIDEO
999 _c55009
_d55009